000 00747cam a22002174a 4500
001 11761975
005 20251121181829.0
008 990729s2000 gaua bf 001 0 eng
020 _a088173330X
_qFP
020 _a0130263575
_qPH
020 _a9780130263575
_q(PH)
050 0 0 _aTH2431
_b.R45 2000
082 0 0 _a695
_221
100 1 _aReid, Robert N.,
_d1949-
245 1 0 _aRoofing & cladding systems :
_ba guide for facility managers /
_cby Robert N. Reid.
260 _aLilburn, GA :
_bFairmont Press ;
_aUpper Saddle River, NJ :
_bDistributed by Prentice Hall PTR,
_cc2000.
300 _axxi, 265 p. :
_bill. ;
_c24 cm.
650 0 _aRoofing
_vHandbooks, manuals, etc.
650 0 _aCurtain walls
_vHandbooks, manuals, etc.
942 _2lcc
_cBK
_n0
999 _c8311
_d8311